Flag to Capital Matching - Sudden Death - Statistics

General Stats
  • This quiz has been taken 387 times
  • The average score is 9 of 18
Answers on the Grid
Answers color-coded by a green-red scale on the quiz's grid according to % correct below.
Lisbon
Dakar
Kathmandu
Vientiane
Kinshasa
Port Vila
Lima
Dodoma
Tallinn
Budapest
Oslo
Tripoli
Kabul
Mbabane
Majuro
Havana
Berlin
Pyongyang
Bishkek
Zagreb
Niamey
Bangkok
Manama
Bangui
Belmopan
Cairo
Amsterdam
Bissau
Paramaribo
Manila
 
Answer Stats
Answer % Correct
Zagreb
64%
Budapest
64%
Cairo
63%
Amsterdam
62%
Havana
62%
Manila
61%
Tallinn
58%
Lima
57%
Kinshasa
48%
Paramaribo
42%
Bissau
41%
Bishkek
39%
Manama
38%
Dodoma
37%
Niamey
36%
Bangui
34%
Mbabane
31%
Majuro
28%
No matching quizzes found
Score Distribution
Percent of People with Each Score
Percentile by Number Answered
Your Score History
You have not taken this quiz